000 00343nam a22001457a 4500
008 210511b ||||| |||| 00| 0 eng d
020 _a0471016047
041 _aeng
080 _a311
082 _a311
100 _a55
101 _aSTA
245 _aIntroductory Biostatistics for the Health Sciences
_cRobert C. Duncan
942 _2udc
_cBK
999 _c57141
_d57141